000 00430pab a2200169 454500
008 180718b2003 xxu||||| |||| 00| 0 eng d
100 _aParmar, H.S.
245 _aAppropriating images from village life
260 _c2003
300 _ap.3236-239.
362 _a2 Aug
650 _aEconomic relations
650 _aSocial interaction
700 _aRana, Ashwani
773 _aEconomic and Political Weekly
909 _a57770
999 _c57770
_d57770